000 01606cam a2200133 4500500
005 20260517001753.0
041 _afre
042 _adc
100 1 0 _aVitry, Grégoire
_eauthor
245 0 0 _aLa thérapie brève systémique stratégique : Guide d'intervention sur les habitudes dysfonctionnelles
260 _bDe Boeck Supérieur,
_c2024.
520 _aVéritable guide pratique de l’approche systémique stratégique Plusieurs études ont démontré que la thérapie brève systémique stratégique est particulièrement efficiente dans la résolution des problèmes psychologiques et relationnels. Cette thérapie étant peu enseignée dans les cursus de psychologie ou de médecine, le présent ouvrage répond à ce besoin de formation. Il propose en effet un guide complet pour poser un diagnostic opératoire non-pathologisant dans une intervention brève et efficiente. Ce livre permettra la formation de praticiens à cette méthodologie biopsychosociale et la mise en place de services de soins systémiques stratégiques tant dans le secteur privé que public, représentant une étape importante dans une nouvelle lecture écologique de la santé mentale. L’auteur aborde : • les fondamentaux de l’approche de Palo Alto ; • le déroulement des interventions ; • la stratégie des systémiciens ; • la théorie des tentatives de solutions ; • les principales prescriptions. À télécharger : de nombreuses lectures complémentaires
856 4 1 _uhttps://shs.cairn.info/la-therapie-breve-systemique-strategique--9782807365841?lang=fr&redirect-ssocas=7080
999 _c2236472
_d2236472